Aproximaciones desde la (post)modernidad a la fenomenología de Malverde, el santo de los narcotraficantes /

Kaydedildi:
Detaylı Bibliyografya
Yazar: Hidalgo Solís, Marcela E.
Materyal Türü: Metin
Etiketler: Etiketle
Etiket eklenmemiş, İlk siz ekleyin!

MARC

LEADER 00000 a a2200000 04500
001 8615
003
040
100 |a Hidalgo Solís, Marcela E.  
245 |a Aproximaciones desde la (post)modernidad a la fenomenología de Malverde, el santo de los narcotraficantes /  |c Marcela E. Hidalgo Solís 
773 |g volumen 4; páginas 19-37  
999 |c 37083  |d 37083